[Event "championnat de ligue 2015"]
[Site "?"]
[Date "2015.05.03"]
[Round "5.1"]
[White "MORET, Florian"]
[Black "VIARD, Dominique"]
[Result "1-0"]
[WhiteElo "1948"]
[BlackElo "1977"]
[PlyCount "99"]

1. e4 c5 2. Nc3 e6 3. f4 a6 4. Nf3 Nc6 5. g3 d5 6. e5 Nge7 7. d3 Nf5 8. Qe2 b5
9. Bg2 h5 10. Bd2 Bd7 11. Bh3 b4 12. Nb1 Nfd4 13. Nxd4 Nxd4 14. Qd1 h4 15. g4
Bc6 16. c3 Nb5 17. Rf1 Qc7 18. Qe2 O-O-O 19. a4 Qa5 20. f5 d4 21. c4 Nc7 22. b3
Rd7 23. Bg2 Qb6 24. Bf4 Qb7 25. Bxc6 Qxc6 26. Nd2 f6 27. O-O-O exf5 28. gxf5
fxe5 29. Bg5 Be7 30. Bxe7 Rxe7 31. Ne4 Ne8 32. Rg1 Rh6 33. Rg5 Nf6 34. Rdg1
Nxe4 35. dxe4 Qb7 36. Rg6 Rh7 37. Qg4 Kb8 38. Kd2 Ka7 39. Kd3 Rf7 40. Qg5 Qd7
41. Re6 Rh6 42. Rxh6 gxh6 43. Qxh6 Rxf5 44. Rg6 Rf6 45. Rxf6 Qh3+ 46. Ke2 Qg2+
47. Rf2 Qxe4+ 48. Kf1 Qh1+ 49. Ke2 Qe4+ 50. Kd2 1-0

[Event "championnat de ligue 2015"]
[Site "?"]
[Date "2015.05.03"]
[Round "5.2"]
[White "MASERA, Michel"]
[Black "BOURNIQUE, Bruno"]
[Result "1/2-1/2"]
[WhiteElo "1863"]
[BlackElo "1868"]
[PlyCount "75"]

1. d4 Nf6 2. c4 c5 3. d5 e6 4. Nc3 exd5 5. cxd5 d6 6. e4 g6 7. Bd3 Bg7 8. h3
O-O 9. Nf3 Nh5 10. g4 Nf6 11. O-O Nxg4 12. hxg4 Bxg4 13. Kg2 Nd7 14. Be2 Bxf3+
15. Bxf3 Ne5 16. Be2 f5 17. f4 Nd7 18. Rh1 Qe7 19. e5 dxe5 20. d6 Qe6 21. Nb5
Rad8 22. Nc7 Qf7 23. Nd5 Nb6 24. Ne7+ Kh8 25. Rxh7+ Kxh7 26. Qh1+ Bh6 27. fxe5
f4 28. Bd3 Rg8 29. Kf3 Rg7 30. Bd2 Nc8 31. Nxg6 Rxg6 32. Rg1 Rdg8 33. Qh4 Qd5+
34. Be4 Qxd2 35. Rxg6 Qe3+ 36. Kg4 Qe2+ 37. Kh3 Qe3+ 38. Kg4 1/2-1/2

[Event "championnat de ligue 2015"]
[Site "?"]
[Date "2015.05.03"]
[Round "5.3"]
[White "PARISOT, Anthony"]
[Black "FISTER, Bernard"]
[Result "1-0"]
[WhiteElo "1808"]
[BlackElo "1370"]
[PlyCount "63"]

1. Nf3 d5 2. d4 Nf6 3. c4 c6 4. Nc3 e6 5. Bg5 Nbd7 6. e3 Qc7 7. Rc1 dxc4 8.
Bxc4 b5 9. Bd3 Bb7 10. Nxb5 Qb6 11. Nc3 Qxb2 12. O-O Qa3 13. Qc2 Bd6 14. Ne4
Nd5 15. Rb1 Bb4 16. Rb3 Qa4 17. a3 f6 18. Bf4 g5 19. Bg3 h5 20. Rfb1 h4 21. Bd6
g4 22. Nfd2 f5 23. Bxb4 Nxb4 24. Nd6+ Ke7 25. Nxf5+ exf5 26. axb4 Ba6 27. Bxf5
Nf6 28. Ne4 Qb5 29. Nc5 Bc8 30. Bxc8 Raxc8 31. Qf5 Rce8 32. Qe6+ 1-0

[Event "championnat de ligue 2015"]
[Site "?"]
[Date "2015.05.03"]
[Round "5.4"]
[White "JEANDARD, Christophe"]
[Black "LEMOINE, Jean-Claude"]
[Result "0-1"]
[WhiteElo "1570"]
[BlackElo "1510"]
[PlyCount "46"]

1. e4 c5 2. g3 e5 3. Bg2 Nf6 4. Qe2 Nc6 5. c3 d6 6. h3 Be7 7. Nf3 Be6 8. O-O
Rb8 9. Rd1 O-O 10. d4 cxd4 11. cxd4 exd4 12. Nxd4 Nxd4 13. Rxd4 Qc8 14. Nc3
Bxh3 15. Bf4 Bxg2 16. Kxg2 Re8 17. Qd3 Qe6 18. Rd1 Rbd8 19. e5 dxe5 20. Rxd8
Rxd8 21. Qe3 Rxd1 22. Nxd1 exf4 23. Qxf4 Qe4+ 0-1

[Event "championnat de ligue 2015"]
[Site "?"]
[Date "2015.05.03"]
[Round "5.5"]
[White "AKREMANN, Jordan"]
[Black "ILIC, Zika"]
[Result "1-0"]
[WhiteElo "1510"]
[BlackElo "1490"]
[PlyCount "65"]
[SourceDate "2015.05.09"]

1. e4 e5 2. Nf3 Nc6 3. Bc4 d6 4. c3 Nf6 5. Ng5 d5 6. exd5 Nxd5 7. d4 exd4 8.
Qf3 Qe7+ 9. Kf1 Nf6 10. Bxf7+ Kd8 11. Bb3 Ne5 12. Qd1 d3 13. Bf4 Nfd7 14. Ne6+
Ke8 15. Nxc7+ Kd8 16. Nxa8 Qf6 17. Qd2 h6 18. Na3 Bxa3 19. bxa3 Nc5 20. Bd5 Re8
21. Re1 b6 22. Qe3 Ncd7 23. Qd4 Ba6 24. c4 Qd6 25. Bxe5 Nxe5 26. f4 Nxc4 27.
Rxe8+ Kxe8 28. Qe4+ Kd7 29. Bxc4 d2 30. Ke2 b5 31. Qe6+ Qxe6+ 32. Bxe6+ Kxe6
33. Nc7+ 1-0

[Event "Championnat de ligue 2015"]
[Site "?"]
[Date "2015.05.03"]
[Round "5.6"]
[White "BINEAU, Rémi"]
[Black "LACHENAL, Alex"]
[Result "1-0"]
[WhiteElo "1260"]
[BlackElo "1170"]
[PlyCount "47"]

1. e4 e6 2. d4 d5 3. exd5 exd5 4. Nf3 Nf6 5. Nc3 a6 6. Bg5 Be7 7. Qe2 Nbd7 8.
O-O-O h6 9. Bh4 g5 10. Bg3 c5 11. Be5 Nxe5 12. dxe5 Nh5 13. Nxd5 Qa5 14. Nxe7
Kxe7 15. a3 g4 16. Nd2 Nf4 17. Qe4 Ne6 18. Qxg4 Nc7 19. Qh4+ Kf8 20. Nc4 Qb5
21. Rd8+ Ne8 22. Nd6 Qa5 23. Rxe8+ Kg7 24. Qf6+ 1-0

[Event "championnat de ligue 2015"]
[Site "?"]
[Date "2015.05.03"]
[Round "5.7"]
[White "LEMOINE, Victor"]
[Black "BARBIER, Alexandre"]
[Result "0-1"]
[WhiteElo "1390"]
[BlackElo "1310"]
[PlyCount "72"]

1. e4 e6 2. d4 d5 3. exd5 exd5 4. Bd3 Nc6 5. Ne2 Bd6 6. Nbc3 Nge7 7. Bd2 Bf5 8.
Bxf5 Nxf5 9. Nxd5 Ncxd4 10. Bc3 Ne6 11. O-O Qh4 12. g3 Qg5 13. Kh1 O-O-O 14.
Qd2 Qxd2 15. Bxd2 Be5 16. c4 c6 17. Rac1 Kb8 18. Bc3 Bxc3 19. Ndxc3 Rd2 20. Rb1
Rhd8 21. b4 g5 22. a4 Kc7 23. a5 Rc2 24. Rfd1 Rdd2 25. Rxd2 Rxd2 26. Nc1 Rxf2
27. Kg1 Rc2 28. N1e2 Ne3 29. c5 h5 30. Re1 Nd5 31. Ne4 f5 32. Nd6 f4 33. Kf1 f3
34. Ng1 Nd4 35. Re4 b6 36. Rxd4 Ne3+ 0-1

[Event "Championnat de ligue 2015"]
[Site "?"]
[Date "2015.05.03"]
[Round "6.1"]
[White "MORET, Florian"]
[Black "PARISOT, Anthony"]
[Result "1/2-1/2"]
[WhiteElo "1948"]
[BlackElo "1808"]
[PlyCount "53"]

1. e4 c5 2. Nc3 Nc6 3. f4 g6 4. Nf3 Bg7 5. Bc4 e6 6. d3 Nge7 7. O-O d5 8. Bb3
O-O 9. Qe1 Nd4 10. Nxd4 cxd4 11. Ne2 dxe4 12. dxe4 b6 13. e5 Ba6 14. Bd2 d3 15.
cxd3 Qxd3 16. Ng3 Rfd8 17. Rf2 Nf5 18. Nxf5 Qxf5 19. Bc3 Bf8 20. Bb4 Bxb4 21.
Qxb4 Qd3 22. Qe1 Rac8 23. Rd1 Qb5 24. Rfd2 Qc5+ 25. Kh1 Rxd2 26. Qxd2 Bb7 27.
Qd7 1/2-1/2

[Event "Championnat de ligue 2015"]
[Site "?"]
[Date "2015.05.03"]
[Round "6.2"]
[White "AKREMANN, Jordan"]
[Black "MASERA, Michel"]
[Result "0-1"]
[WhiteElo "1510"]
[BlackElo "1863"]
[PlyCount "70"]
[EventDate "2015.??.??"]

1. e4 c5 2. Nf3 Nc6 3. d4 cxd4 4. Nxd4 Nf6 5. Nc3 e5 6. Nf3 Bb4 7. Bd3 d5 8.
Bd2 Bxc3 9. bxc3 dxe4 10. Bxe4 Nxe4 11. Qe2 Nxd2 12. Nxd2 O-O 13. O-O Be6 14.
Rfd1 Qc7 15. Ne4 Rad8 16. Re1 f6 17. Qh5 Qf7 18. Qf3 Bd5 19. Qg3 Qg6 20. Qxg6
hxg6 21. Nc5 b6 22. Na4 Rd7 23. Nb2 Rfd8 24. Re3 Be6 25. Rg3 Bxa2 26. Rxg6 Bf7
27. Rg3 Na5 28. Nd3 Bc4 29. Nb2 Rd2 30. Rc1 Re2 31. Nd3 Bxd3 32. cxd3 Rd2 33.
h3 R2xd3 34. Rxd3 Rxd3 35. Kf1 Nc4 0-1

[Event "championnat de ligue 2015"]
[Site "?"]
[Date "2015.05.03"]
[Round "6.3"]
[White "LEMOINE, Jean-Claude"]
[Black "BOURNIQUE, Bruno"]
[Result "0-1"]
[WhiteElo "1510"]
[BlackElo "1868"]
[PlyCount "66"]
[EventDate "2015.??.??"]

1. Nf3 Nf6 2. d4 c5 3. Bg5 Ne4 4. e3 Nxg5 5. Nxg5 cxd4 6. exd4 Qa5+ 7. Qd2
Qxd2+ 8. Nxd2 d6 9. c3 h6 10. Ngf3 Bf5 11. Nh4 Bd7 12. Bd3 e6 13. O-O Be7 14.
Nhf3 O-O 15. Rfe1 Na6 16. a4 Nc7 17. Ra2 Rab8 18. a5 f5 19. c4 Na6 20. Bf1 Nb4
21. Raa1 Nc2 22. Rac1 Nxe1 23. Nxe1 Rbc8 24. g3 Rc7 25. b3 f4 26. Bg2 fxg3 27.
fxg3 Bg5 28. Rd1 Be3+ 29. Kh1 Bxd4 30. Ne4 e5 31. Rd2 Bc6 32. Nc2 Bxe4 33. Nxd4
Rf1# 0-1

[Event "championnat de ligue 2015"]
[Site "?"]
[Date "2015.05.03"]
[Round "6.4"]
[White "VIARD, Dominique"]
[Black "FISTER, Bernard"]
[Result "1/2-1/2"]
[WhiteElo "1977"]
[BlackElo "1370"]
[PlyCount "113"]

1. Nf3 d5 2. g3 Nf6 3. Bg2 Bf5 4. c4 c6 5. Qb3 Qc7 6. Nc3 e6 7. O-O Bd6 8. d4
h5 9. cxd5 exd5 10. Bg5 Nbd7 11. Rac1 Qb6 12. Qxb6 axb6 13. Nh4 Bh7 14. a3 O-O
15. Bf3 Rfe8 16. Rfe1 b5 17. Ng2 b4 18. axb4 Bxb4 19. Ra1 Be4 20. Nh4 Bxf3 21.
exf3 Rxe1+ 22. Rxe1 Re8 23. Rxe8+ Nxe8 24. Nf5 f6 25. Bc1 Nc7 26. Kf1 Ne6 27.
Ne2 g6 28. Ne3 Ng5 29. Nc2 Be7 30. Kg2 Ne6 31. g4 h4 32. f4 Ng7 33. Kh3 f5 34.
g5 Ne6 35. Kxh4 Ndf8 36. Kg3 Bd6 37. h4 Ng7 38. Ne1 Nh5+ 39. Kf3 Ne6 40. Nd3 b6
41. Ne5 Bxe5 42. fxe5 c5 43. dxc5 bxc5 44. Be3 d4 45. Nf4 Nhxf4 46. Bxf4 Kf7
47. Bd2 Ng7 48. Ke2 Ke6 49. f4 Kd5 50. Ba5 Ke4 51. Bb6 c4 52. Bd8 Nh5 53. Bf6
Nxf4+ 54. Kd2 Kd5 55. e6 Nxe6 56. h5 gxh5 57. g6 1/2-1/2

[Event "championnat de ligue 2015"]
[Site "?"]
[Date "2015.05.03"]
[Round "6.5"]
[White "LAURAIN, Héry-Dominic"]
[Black "BINEAU, Rémi"]
[Result "1-0"]
[WhiteElo "1417"]
[BlackElo "1260"]
[PlyCount "95"]
[SourceDate "2015.05.10"]

1. Nf3 Nc6 2. d4 d5 3. e3 Nf6 4. c4 e6 5. Nc3 Bb4 6. Bd2 Ne4 7. Nxe4 dxe4 8.
Bxb4 exf3 9. Ba3 fxg2 10. Bxg2 Ne7 11. Rg1 Bd7 12. b3 Bc6 13. Bxe7 Qxe7 14.
Bxc6+ bxc6 15. Rxg7 Qh4 16. Qf3 Rf8 17. Qxc6+ Ke7 18. Qxc7+ Kf6 19. Qe5+ Ke7
20. Qg5+ Qxg5 21. Rxg5 f6 22. Rg7+ Rf7 23. Rxf7+ Kxf7 24. O-O-O Rg8 25. d5 e5
26. d6 Ke8 27. c5 Rg7 28. b4 Kd8 29. a4 Rg2 30. Rf1 Rg4 31. b5 Rc4+ 32. Kb2
Rxc5 33. Rd1 f5 34. Kb3 a6 35. b6 Rc8 36. a5 Rc5 37. Kb4 Rb5+ 38. Ka4 Kd7 39.
f3 h5 40. e4 f4 41. Rd5 Rxd5 42. exd5 Kxd6 43. Kb4 Kd7 44. Kc4 Kd6 45. Kd3 Kd7
46. Ke4 Kd6 47. h4 Kd7 48. Kxe5 1-0

[Event "championnat de ligue 2015"]
[Site "?"]
[Date "2015.05.03"]
[Round "6.6"]
[White "LEMOINE, Victor"]
[Black "JEANDARD, Christian"]
[Result "1-0"]
[WhiteElo "1390"]
[BlackElo "1570"]
[PlyCount "69"]

1. e4 e5 2. d4 exd4 3. Nf3 Nc6 4. Bc4 Bb4+ 5. c3 dxc3 6. bxc3 Be7 7. Bf4 d6 8.
O-O Bg4 9. Nbd2 Nf6 10. h3 Bh5 11. Qc2 Bxf3 12. Nxf3 O-O 13. Rad1 Nd7 14. e5 a6
15. Rfe1 dxe5 16. Bxe5 Qc8 17. Bh2 Bf6 18. a3 Nb6 19. Ba2 Rd8 20. Nd2 Ne7 21.
Ne4 Ned5 22. Nxf6+ Nxf6 23. Re7 Nbd7 24. Bxf7+ Kh8 25. Be6 c6 26. Qc1 b5 27.
Qg5 Ne8 28. Bxd7 Qb7 29. Qf4 Nf6 30. Qf5 Rf8 31. Qg5 Rg8 32. Bd6 Nd5 33. Rf7
Rad8 34. Be5 Qxd7 35. Bxg7+ 1-0

[Event "championnat de ligue 2015"]
[Site "?"]
[Date "2015.05.03"]
[Round "6.7"]
[White "BARBIER, Alexandre"]
[Black "LACHENAL, Alex"]
[Result "1-0"]
[WhiteElo "1310"]
[BlackElo "1170"]
[PlyCount "75"]

1. e4 e6 2. d4 d5 3. e5 c5 4. Qg4 Nd7 5. Nf3 Ne7 6. Bd3 cxd4 7. O-O Ng6 8. h4
Ngxe5 9. Nxe5 Nxe5 10. Bb5+ Bd7 11. Bxd7+ Qxd7 12. Qxd4 Nc6 13. Qg4 g6 14. Bg5
Bg7 15. c3 h6 16. Be3 Ne5 17. Qe2 Bf6 18. Bd4 Qc7 19. Re1 Nd7 20. Bxf6 Nxf6 21.
Nd2 h5 22. g3 a6 23. Nf3 Qc4 24. Qe5 Ke7 25. Ng5 Rhf8 26. Nxe6 Ng4 27. Qg5+ f6
28. Nxf8+ Kxf8 29. Qxg6 Qc5 30. Re2 Qb6 31. Rae1 Qc6 32. f3 Qc5+ 33. Kg2 Ne5
34. Qxf6+ Nf7 35. Re7 Qxe7 36. Rxe7 Kg8 37. Qxf7+ Kh8 38. Qh7# 1-0